Introduction to the Theory of Statistics / (Record no. 6765)
[ view plain ]
| 000 -LEADER | |
|---|---|
| fixed length control field | 01109nam a2200421Ia 4500 |
| 001 - CONTROL NUMBER | |
| control field | 6778 |
| 005 - DATE AND TIME OF LATEST TRANSACTION | |
| control field | 20240113233940.0 |
| 007 - PHYSICAL DESCRIPTION FIXED FIELD--GENERAL INFORMATION | |
| fixed length control field | ta |
| 008 - FIXED-LENGTH DATA ELEMENTS--GENERAL INFORMATION | |
| fixed length control field | 080506s1974 ii a g b000 u 465 u |
| 020 ## - INTERNATIONAL STANDARD BOOK NUMBER | |
| International Standard Book Number | 0-07-085463-3 |
| 020 ## - INTERNATIONAL STANDARD BOOK NUMBER | |
| International Standard Book Number | 0-07-Y85465-3 |
| 040 ## - CATALOGING SOURCE | |
| Original cataloging agency | Cotton College,Assam |
| 041 ## - LANGUAGE CODE | |
| Language code of text/sound track or separate title | eng |
| 082 ## - DEWEY DECIMAL CLASSIFICATION NUMBER | |
| Classification number | 310.7 |
| Item number | Mo 77 In |
| 100 ## - MAIN ENTRY--PERSONAL NAME | |
| Personal name | Mood, Alexender M. . |
| 245 #0 - TITLE STATEMENT | |
| Title | Introduction to the Theory of Statistics / |
| Statement of responsibility, etc. | Alexender M. Mood, F. A. Graybill & Duane C. Boes. |
| Medium | Textual Documents |
| 250 ## - EDITION STATEMENT | |
| Edition statement | 3rd ed. / |
| 260 ## - PUBLICATION, DISTRIBUTION, ETC. | |
| Place of publication, distribution, etc. | London : |
| Name of publisher, distributor, etc. | McGraw - Hill book company , |
| Date of publication, distribution, etc. | 1974. |
| 300 ## - PHYSICAL DESCRIPTION | |
| Extent | xiv, 564p. : |
| Other physical details | ill. ; |
| Dimensions | 22cm . |
| 504 ## - BIBLIOGRAPHY, ETC. NOTE | |
| Bibliography, etc. note | Index |
| 653 ## - INDEX TERM--UNCONTROLLED | |
| Uncontrolled term | Statistics-Statistical Theory |
| 653 ## - INDEX TERM--UNCONTROLLED | |
| Uncontrolled term | PG-Statistics |
| 653 ## - INDEX TERM--UNCONTROLLED | |
| Uncontrolled term | G-Statistics |
| 653 ## - INDEX TERM--UNCONTROLLED | |
| Uncontrolled term | T/G- Statistics |
| 700 ## - ADDED ENTRY--PERSONAL NAME | |
| Personal name | Boes, Duane C. . |
| 700 ## - ADDED ENTRY--PERSONAL NAME | |
| Personal name | Graybill, F. A. . |
| 942 ## - ADDED ENTRY ELEMENTS (KOHA) | |
| Source of classification or shelving scheme | Dewey Decimal Classification |
| Koha item type | Books |
| Withdrawn status | Lost status | Damaged status | Not for loan | Home library | Current library | Date acquired | Coded location qualifier | Total checkouts | Full call number | Barcode | Date last seen | Copy number | Price effective from | Koha item type | Shelving location |
|---|---|---|---|---|---|---|---|---|---|---|---|---|---|---|---|
| Dr. Suryya Kumar Bhuyan Library | Dr. Suryya Kumar Bhuyan Library | 01/02/2012 | 00000 | 310.7 Mo 77 In | 85426 | 13/01/2024 | 3 | 01/02/2012 | Books | ||||||
| Dr. Suryya Kumar Bhuyan Library | Dr. Suryya Kumar Bhuyan Library | 01/02/2012 | 00000 | 310.7 Mo 77 In | 366/Stat | 13/01/2024 | 5 | 01/02/2012 | Books | ||||||
| Dr. Suryya Kumar Bhuyan Library | Dr. Suryya Kumar Bhuyan Library | 01/02/2012 | 00000 | 310.7 Mo 77 In | 50693 | 13/01/2024 | 8 | 01/02/2012 | Books | ||||||
| Dr. Suryya Kumar Bhuyan Library | Dr. Suryya Kumar Bhuyan Library | 01/02/2012 | 00000 | 310.7 Mo 77 In | 517/Stat | 13/01/2024 | 1 | 01/02/2012 | Books | ||||||
| Dr. Suryya Kumar Bhuyan Library | Dr. Suryya Kumar Bhuyan Library | 01/02/2012 | 00000 | 310.7 Mo 77 In | 71062 | 13/01/2024 | 7 | 01/02/2012 | Books | ||||||
| Dr. Suryya Kumar Bhuyan Library | Dr. Suryya Kumar Bhuyan Library | 01/02/2012 | 00000 | 310.7 Mo 77 In | 71063 | 13/01/2024 | 6 | 01/02/2012 | Books | ||||||
| Dr. Suryya Kumar Bhuyan Library | Dr. Suryya Kumar Bhuyan Library | 01/02/2012 | 00000 | 310.7 Mo 77 In | 71064 | 13/01/2024 | 9 | 01/02/2012 | Books | ||||||
| Dr. Suryya Kumar Bhuyan Library | Dr. Suryya Kumar Bhuyan Library | 01/02/2012 | 00000 | 310.7 Mo 77 In | 85402 | 13/01/2024 | 4 | 01/02/2012 | Books | ||||||
| Dr. Suryya Kumar Bhuyan Library | Dr. Suryya Kumar Bhuyan Library | 01/02/2012 | 00000 | 310.7 Mo 77 In | 85403 | 13/01/2024 | 2 | 01/02/2012 | Books |
